<?xml version="1.0" encoding="UTF-8"?>
<record
    xmlns:xsi="http://www.w3.org/2001/XMLSchema-instance"
    xsi:schemaLocation="http://www.loc.gov/MARC21/slim http://www.loc.gov/standards/marcxml/schema/MARC21slim.xsd"
    xmlns="http://www.loc.gov/MARC21/slim">

  <leader>00513nam a22001697a 4500</leader>
  <controlfield tag="005">20240411160924.0</controlfield>
  <controlfield tag="008">240411b           ||||| |||| 00| 0 eng d</controlfield>
  <datafield tag="020" ind1=" " ind2=" ">
    <subfield code="a">9789357784917</subfield>
  </datafield>
  <datafield tag="040" ind1=" " ind2=" ">
    <subfield code="c">AIMIT LIBRARY</subfield>
  </datafield>
  <datafield tag="082" ind1=" " ind2=" ">
    <subfield code="a">336..242</subfield>
    <subfield code="b">SINV</subfield>
  </datafield>
  <datafield tag="100" ind1=" " ind2=" ">
    <subfield code="a">Singhania, Vinod.</subfield>
    <subfield code="9">159756</subfield>
  </datafield>
  <datafield tag="245" ind1=" " ind2=" ">
    <subfield code="a">Students guide to GST &amp; Customs Law /</subfield>
    <subfield code="c">By Dr. Vinod K. Singhania.</subfield>
  </datafield>
  <datafield tag="300" ind1=" " ind2=" ">
    <subfield code="a">xvii,340p. ;</subfield>
    <subfield code="b">PB</subfield>
    <subfield code="c">27 cm.</subfield>
  </datafield>
  <datafield tag="651" ind1=" " ind2=" ">
    <subfield code="a">Input tax credit.</subfield>
    <subfield code="9">159757</subfield>
  </datafield>
  <datafield tag="651" ind1=" " ind2=" ">
    <subfield code="a">Registration.</subfield>
    <subfield code="9">159758</subfield>
  </datafield>
  <datafield tag="942" ind1=" " ind2=" ">
    <subfield code="2">ddc</subfield>
    <subfield code="c">BK</subfield>
    <subfield code="k">336.242 SINV</subfield>
  </datafield>
  <datafield tag="999" ind1=" " ind2=" ">
    <subfield code="c">230703</subfield>
    <subfield code="d">230703</subfield>
  </datafield>
  <datafield tag="952" ind1=" " ind2=" ">
    <subfield code="0">0</subfield>
    <subfield code="1">0</subfield>
    <subfield code="2">ddc</subfield>
    <subfield code="4">0</subfield>
    <subfield code="7">0</subfield>
    <subfield code="8">MBA</subfield>
    <subfield code="a">AIMIT</subfield>
    <subfield code="b">AIMIT</subfield>
    <subfield code="d">2024-03-14</subfield>
    <subfield code="e">Biblios Book Point</subfield>
    <subfield code="g">895.00</subfield>
    <subfield code="i">Bill no:8442; Bill dt:2024-03-06</subfield>
    <subfield code="l">0</subfield>
    <subfield code="o">336.242 SINV</subfield>
    <subfield code="p">MBA14750</subfield>
    <subfield code="r">2026-05-23 00:00:00</subfield>
    <subfield code="v">716.00</subfield>
    <subfield code="w">2024-04-11</subfield>
    <subfield code="y">BK</subfield>
  </datafield>
  <datafield tag="952" ind1=" " ind2=" ">
    <subfield code="0">0</subfield>
    <subfield code="1">0</subfield>
    <subfield code="2">ddc</subfield>
    <subfield code="4">0</subfield>
    <subfield code="7">0</subfield>
    <subfield code="8">MBA</subfield>
    <subfield code="a">AIMIT</subfield>
    <subfield code="b">AIMIT</subfield>
    <subfield code="d">2024-03-14</subfield>
    <subfield code="e">Biblios Book Point</subfield>
    <subfield code="g">895.00</subfield>
    <subfield code="i">Bill no:8442; Bill dt:2024-03-06</subfield>
    <subfield code="l">0</subfield>
    <subfield code="o">336.242 SINV</subfield>
    <subfield code="p">MBA14751</subfield>
    <subfield code="r">2026-05-23 00:00:00</subfield>
    <subfield code="v">716.00</subfield>
    <subfield code="w">2024-04-11</subfield>
    <subfield code="y">BK</subfield>
  </datafield>
</record>
